| 000 | 00734nam a2200289Ia 4500 | ||
|---|---|---|---|
| 001 | 4390 | ||
| 005 | 20240113233734.0 | ||
| 007 | ta | ||
| 008 | 050611s1964 a g b000 u asm u | ||
| 020 | _cHB | ||
| 040 | _aCotton College,Assam | ||
| 041 | _aasm | ||
| 082 |
_a491.41 _bG 699 B |
||
| 100 | _aGoshwami, Upendranath . | ||
| 245 | 0 |
_aBhasa Bijyan / _cUpendranath Goshwami. _hTextual Documents |
|
| 250 | _a1st ed. / | ||
| 260 |
_aGauhati : _bNew Book Stall , _c1964. |
||
| 300 |
_a113p. : _bill. ; _c22cm . |
||
| 504 | _aBib, Index | ||
| 653 | _aAssamese Language | ||
| 653 | _aAssamese Essays | ||
| 653 | _aG-Languages | ||
| 942 |
_2ddc _cBK |
||
| 999 |
_c4377 _d4377 |
||